LEADER 01226nam a2200301 i 4500 001 000000140542 003 CaOOAMICUS 005 20050621000000.0 008 050621s1980 it u000 u ita u 013 $a114743 020 $a88-215-0158-2 040 $aSeMil$bita 100 0 $aIoannes Paulus II,$c.$0(OLS)http://semarc/name/646 245 13$aIl mio predecessore e Padre Paolo 6 /$cGiovanni Paolo 2 ; selezione dai discorsi del Santo Padre a cura di Piergiorgio Beretta. 260 $aRoma :$bPaoline,$c1980. 300 $a118 p. ;$c18 cm. 600 04$aPaolo VI .$0(OLS)http://semarc/subject/713 700 1 $aBeretta, Piergiorgio.$0(OLS)http://semarc/name/168 850 $aSeMil 852 $aSeMil$W1$xVenegono$y1$m2A I 15$j93891$B93891$CSeMilBibl$Z2$F99761 $81 900 1 $aWojtyla, Karol,$d<1920-2005>. 900 0 $aGiovanni Paolo II$c. 961 $aOmaggio: Altro 996 $6020$a88-215-0158-2$9(OLS)http://semarc/number/128698 996 $6245$aIl mio predecessore e Padre Paolo 6$9(OLS)http://semarc/title/205371 996 $6260$aRoma :$bPaoline$9(OLS)http://semarc/publisher/29686 LEADER 00977nam a2200241 i 4500 001 000000043596 003 CaOOAMICUS 005 20090824000000.0 008 090824s1979 gw u000 u ger u 013 $a14766 020 $a3-7917-0591-1 040 $aSeMil$bita 100 1 $aAuer, Johann,$d<1910-1989>.$0(OLS)http://semarc/name/3975 245 10$aPerson :$bein Schlüssel zum christlichen Mysterium /$cJohann Auer. 260 $aRegensburg :$bF. Pustet,$c1979. 300 $a94 p. ;$c19 cm. 650 4$aAntropologia teologica.$0(OLS)http://semarc/subject/2114 650 4$aCristologia.$0(OLS)http://semarc/subject/173 850 $aSeMil 852 $aSeMil$W1$xVenegono$y1$m2B II 436$j9751$B9751$CSeMilBibl$Z2$F9751 $81 996 $6020$a3-7917-0591-1$9(OLS)http://semarc/number/15210 996 $6245$aPerson :$bein Schlüssel zum christlichen Mysterium$9(OLS)http://semarc/title/64155 996 $6260$aRegensburg :$bF. Pustet$9(OLS)http://semarc/publisher/31362 LEADER 01404nam a2200313 i 4500 001 000000186004 003 CaOOAMICUS 005 20151130000000.0 008 151130s2005 it u000 u ita u 013 $a164047 020 $a88-8054-767-4 040 $aSeMil$bita 100 1 $aFrattini, Federica.$0(OLS)http://semarc/name/68079 245 10$aPromessa scout :$bnelle parole una identità /$cFederica Frattini, Emanuela Iacono ; in collaborazione con Ente e Fondazione mons. A. Ghetti-Baden. 260 $aRoma :$bFiordaliso,$cstampa 2005. 260 $a[S.l.] :$bEdizioni Scout,$cstampa 2005. 300 $a251 p. :$bill. ;$c22 cm. 490 0 $aTracce. Metodo 650 4$aScoutismo.$0(OLS)http://semarc/subject/1605 700 1 $aIacono, Emanuela.$0(OLS)http://semarc/name/68342 710 0 $aEnte e Fondazione mons. Andrea Ghetti-Baden.$0(OLS)http://semarc/name/59104 830 0$aTracce. Metodo.$0(OLS)http://semarc/title/44478 850 $aSeMil 852 $aSeMil$W1$xVenegono$y1$m3E III 338$j136691$B136691$CSeMilBibl$Z2$F148247 $81 961 $aOmaggio: Altro 996 $6020$a88-8054-767-4$9(OLS)http://semarc/number/176237 996 $6245$aPromessa scout :$bnelle parole una identità$9(OLS)http://semarc/title/267351 996 $6260$a[S.l.] :$bEdizioni Scout$9(OLS)http://semarc/publisher/39442 996 $6260$aRoma :$bFiordaliso$9(OLS)http://semarc/publisher/34198